000 00819nam a2200253Ia 4500
003 OSt
005 20220923225002.0
006 a|||||r|||| 00| 0
007 ta
008 220922b |||||||| |||| 00| 0 hin d
024 _a254,679
037 _cTextual
040 _aARTS
_cARTS
_bhin
041 _2hin
_ahin
082 _aO152,3NCH7x, M9
100 _aचक्रवर्ती, परितोष
245 0 _aअभिशप्त दांपत्य
246 _aAbhishapta dāanpatya
260 _aपटना
_b पपरिजात प्रकाशन
_c1989
300 _a52पृ.
_ccm.
650 _aहिन्दी साहित्य
_9156264
942 _hO152,3NCH7x, M9
_cTEXL
_2CC
999 _c375228
_d375228